[Event "Open SSM Settembre"]
[Site "Milano ITA"]
[Date "2015.09.12"]
[Round "3"]
[White "Laico, Emanuele"]
[Black "Zaccheroni, Dario"]
[WhiteElo "1778"]
[BlackElo "1776"]
[Result "1-0"]
[PlyCount "61"]
[EventDate "2015.10.15"]

1. d4 Nf6 2. c4 e6 3. Nf3 Bb4+ 4. Bd2 Bxd2+ 5. Qxd2 O-O 6. Nc3 d5 7. cxd5 exd5
8. Qc2 Bg4 9. Ne5 Be6 10. e3 c6 11. Bd3 Nbd7 12. Nxd7 Qxd7 13. O-O Bg4 14. b4
Rac8 15. Rfc1 Qd6 16. Qb3 Rfe8 17. Na4 Rc7 18. b5 cxb5 19. Bxb5 Bd7 20. Rxc7
Qxc7 21. Bxd7 Qxd7 22. Nc5 Qf5 23. Qxb7 Ng4 24. Rf1 h5 25. Qxa7 Qc2 26. Qd7 Rb8
27. Qa4 Qe2 28. h3 Nxe3 29. fxe3 Rb2 30. Qa8+ Kh7 31. Qxd5 1-0

[Event "Open SSM Settembre"]
[Site "Milano ITA"]
[Date "2015.09.12"]
[Round "3"]
[White "Marchini, Daniele"]
[Black "Maccari, Piergiuseppe"]
[WhiteElo "1885"]
[BlackElo "1831"]
[Result "0-1"]
[PlyCount "82"]
[EventDate "2015.10.15"]

1. d4 Nf6 2. c4 g6 3. g3 Bg7 4. Bg2 O-O 5. Nf3 d5 6. cxd5 Nxd5 7. O-O c5 8. e4
Nb6 9. d5 e6 10. Nc3 exd5 11. exd5 h6 12. Be3 Na6 13. Rc1 Nc4 14. Ne4 Nxe3 15.
fxe3 Bxb2 16. Rc2 Bg7 17. Nxc5 Nb4 18. Rd2 Bc3 19. Kh1 Bxd2 20. Qxd2 Nxd5 21.
e4 Nf6 22. Qxh6 Ng4 23. Qf4 Qf6 24. Qc1 Kg7 25. e5 Nxe5 26. Ne4 Qe7 27. Qc3 f6
28. Nd4 Bg4 29. h3 Rac8 30. Qa5 b6 31. Qb5 Bd7 32. Qe2 Bc6 33. Re1 Bd5 34. h4
Nc6 35. Nb5 Qe5 36. Nbd6 Rcd8 37. Nb5 Nd4 38. Nxd4 Qxd4 39. Rd1 Qe5 40. Re1
Rfe8 41. Qa6 f5 0-1

[Event "Open SSM Settembre"]
[Site "Milano ITA"]
[Date "2015.09.12"]
[Round "3"]
[White "Mazzoccoli, Simone"]
[Black "Arena, Ignazio"]
[WhiteElo "1807"]
[BlackElo "1490"]
[Result "1/2-1/2"]
[PlyCount "133"]
[EventDate "2015.10.15"]

1. e4 c5 2. Nc3 Nc6 3. g3 d6 4. Bg2 Nf6 5. d3 e6 6. Nge2 Be7 7. O-O O-O 8. h3
Bd7 9. Be3 a6 10. a4 Rb8 11. Qd2 b5 12. axb5 axb5 13. d4 b4 14. Na4 c4 15. d5
exd5 16. exd5 Ne5 17. f4 Ng6 18. Qd4 Bb5 19. c3 b3 20. Nb6 Nd7 21. Nxd7 Qxd7
22. Ra7 Bf6 23. Qd2 Rb7 24. Rfa1 Rfb8 25. Rxb7 Rxb7 26. Bd4 Be7 27. Qe3 h6 28.
Kh2 Bf8 29. Ra7 Ne7 30. Rxb7 Qxb7 31. Qe4 Qa8 32. Bb6 Qa2 33. Nd4 Ba6 34. Qe2
Bb7 35. Nc6 Nc8 36. Bd8 Qa1 37. Nb4 Qc1 38. Qxc4 Qxb2 39. Qd3 Qc1 40. c4 b2 41.
Be4 Be7 42. Bxe7 Nxe7 43. Qc2 Bc8 44. Na2 Qxc2+ 45. Bxc2 Bf5 46. Bxf5 Nxf5 47.
Nc3 Ne3 48. Kg1 Nd1 49. Nb1 Ne3 50. Kf2 Nxc4 51. Kf3 g5 52. fxg5 hxg5 53. Kg4
Ne3+ 54. Kxg5 Nxd5 55. Kf5 Kg7 56. Ke4 Nb6 57. Kd4 Kg6 58. Kc3 Na4+ 59. Kb3
Nc5+ 60. Kxb2 Ne4 61. g4 Nf2 62. Nc3 Nxh3 63. Nb5 d5 64. Nc7 d4 65. Nb5 d3 66.
Kc3 Nf2 67. Kd2 1/2-1/2

[Event "Open SSM Settembre"]
[Site "Milano ITA"]
[Date "2015.09.12"]
[Round "3"]
[White "Pasini, Nicolo'"]
[Black "Mina, N. Mina"]
[WhiteElo "1862"]
[BlackElo "2166"]
[Result "1/2-1/2"]
[PlyCount "43"]
[EventDate "2015.10.15"]

1. e4 e5 2. Nf3 Nc6 3. Bb5 d6 4. d4 exd4 5. Qxd4 Nge7 6. Nc3 a6 7. Bxc6+ Nxc6
8. Qd3 Bg4 9. Bg5 Qd7 10. h3 Nb4 11. Qe2 Be6 12. Nd4 Be7 13. Nxe6 fxe6 14. Bxe7
Qxe7 15. O-O-O O-O 16. Rhf1 b5 17. f4 Nc6 18. Qd3 Kh8 19. g4 b4 20. Ne2 e5 21.
Qc4 Qd7 22. f5 1/2-1/2

[Event "Open SSM Settembre"]
[Site "Milano ITA"]
[Date "2015.09.12"]
[Round "3"]
[White "Pelizzola, Danilo"]
[Black "Mazzariol, Oscar"]
[WhiteElo "2041"]
[BlackElo "2015"]
[Result "1/2-1/2"]
[PlyCount "120"]
[EventDate "2015.10.15"]

1. e4 c5 2. Nf3 Nc6 3. d4 cxd4 4. Nxd4 Nf6 5. Nc3 d6 6. Be2 a6 7. O-O Bd7 8.
Be3 e6 9. Qd2 Be7 10. f4 Qc7 11. Bf3 Rc8 12. Nb3 Na5 13. Nxa5 Qxa5 14. a3 Bc6
15. Rad1 b5 16. Qf2 Qc7 17. Rfe1 O-O 18. e5 dxe5 19. Bxc6 exf4 20. Bxf4 Qxc6
21. Qe2 Bxa3 22. Nxb5 Qxb5 23. bxa3 Qxe2 24. Rxe2 Nd5 25. Rd4 Rc3 26. Bd6 Rd8
27. Bb4 Rcc8 28. Red2 Re8 29. c4 Nxb4 30. axb4 Kf8 31. Ra2 Rc6 32. c5 e5 33.
Rd7 Rb8 34. Ra4 Rf6 35. h3 e4 36. Rd4 e3 37. Rd1 Re8 38. Re1 Re4 39. Ra3 Rfe6
40. Rc3 Rxb4 41. Rcxe3 Rxe3 42. Rxe3 Rb7 43. Kf2 Rc7 44. Ra3 Rc6 45. Ke3 Ke7
46. Kd4 Kd7 47. Kd5 Rg6 48. g4 Rf6 49. Ke5 h6 50. Kd5 Kc7 51. Ke5 Rc6 52. Kd5
h5 53. Rf3 Rg6 54. Rxf7+ Kc8 55. gxh5 Rh6 56. c6 Rxh5+ 57. Kd6 Rh6+ 58. Kc5
Rxh3 59. Rxg7 Rh1 60. Kb6 Rb1+ 1/2-1/2

[Event "Open SSM Settembre"]
[Site "Milano ITA"]
[Date "2015.09.12"]
[Round "3"]
[White "Pirovano, Ezio"]
[Black "Carli, Federico"]
[WhiteElo "1463"]
[BlackElo "1675"]
[Result "0-1"]
[PlyCount "48"]
[EventDate "2015.10.15"]

1. e4 g6 2. d4 Bg7 3. c4 d6 4. Nc3 Nf6 5. Nf3 O-O 6. Be2 Nbd7 7. O-O e5 8. Be3
c6 9. d5 cxd5 10. cxd5 Ng4 11. Bg5 f6 12. Bh4 Nh6 13. Qd2 a5 14. Na4 Nb6 15.
Nc3 Nd7 16. Na4 Rb8 17. Ng5 Nc5 18. Nxc5 dxc5 19. Rab1 Qb6 20. Nf3 Nf7 21. Bc4
Nd6 22. Qd3 Qc7 23. Nd2 b5 24. f3 bxc4 0-1

[Event "Open SSM Settembre"]
[Site "Milano ITA"]
[Date "2015.09.12"]
[Round "3"]
[White "Poletto, Daniele"]
[Black "Figini, Vittorio"]
[WhiteElo "1722"]
[BlackElo "1473"]
[Result "1/2-1/2"]
[PlyCount "77"]
[EventDate "2015.10.15"]

1. c4 e5 2. Nc3 Nf6 3. g3 d6 4. Bg2 Nc6 5. d3 Be7 6. e4 b6 7. Nge2 Bb7 8. O-O
a5 9. h3 Rb8 10. Be3 Na7 11. a3 c5 12. Rb1 Nc6 13. Nd5 Nxd5 14. exd5 Nd4 15.
Nxd4 exd4 16. Bd2 O-O 17. b4 axb4 18. axb4 Qc7 19. f4 f5 20. g4 Bc8 21. g5 g6
22. h4 Bd7 23. h5 Be8 24. hxg6 Bxg6 25. Kf2 Ra8 26. Ra1 Qb7 27. Qe2 Rfe8 28.
Qf3 Bf8 29. Rfe1 Rxa1 30. Rxa1 Ra8 31. Rxa8 Qxa8 32. Qe2 Qe8 33. Qe6+ Kh8 34.
Bh3 Qxe6 35. dxe6 Be7 36. Bg2 Be8 37. b5 Kg7 38. Bh3 Bg6 39. Bg2 1/2-1/2

[Event "Open SSM Settembre"]
[Site "Milano ITA"]
[Date "2015.09.12"]
[Round "3"]
[White "Rindone, Andrea"]
[Black "Aloe, Giancarlo"]
[WhiteElo "1569"]
[BlackElo "1794"]
[Result "1-0"]
[PlyCount "83"]
[EventDate "2015.10.15"]

1. e4 c5 2. Nf3 e6 3. d4 cxd4 4. Nxd4 Nc6 5. c3 Nf6 6. Bg5 Be7 7. Nd2 a6 8. Bd3
Ne5 9. N2f3 Qc7 10. Nxe5 Qxe5 11. f4 Qc5 12. Qf3 d6 13. O-O-O Rb8 14. Rde1 e5
15. g3 exd4 16. Rhf1 dxc3 17. e5 cxb2+ 18. Kxb2 Be6 19. exf6 Bxf6+ 20. Bxf6
Qd4+ 21. Kb1 Qxf6 22. f5 Qd4 23. fxe6 Qb4+ 24. Ka1 Qc3+ 25. Kb1 Qb4+ 26. Kc1
Qc3+ 27. Kd1 Qa1+ 28. Kd2 Qxa2+ 29. Bc2 Qa5+ 30. Qc3 Qd5+ 31. Kc1 O-O 32. exf7+
Kh8 33. Qc7 Qg5+ 34. Kb1 Qd8 35. Qxd8 Rbxd8 36. Re7 Rb8 37. Rfe1 g6 38. Re8 Kg7
39. Bb3 b5 40. Rxb8 Rxb8 41. Re8 Rxe8 42. fxe8=Q 1-0

[Event "Open SSM Settembre"]
[Site "Milano ITA"]
[Date "2015.09.12"]
[Round "3"]
[White "Vece, Luigi"]
[Black "Crippa, Oscar"]
[WhiteElo "1554"]
[BlackElo "1686"]
[Result "0-1"]
[PlyCount "78"]
[EventDate "2015.10.15"]

1. e4 e6 2. d4 d5 3. Nc3 Nf6 4. Bg5 Bb4 5. e5 h6 6. Bd2 Bxc3 7. Bxc3 Ne4 8. Qg4
g6 9. Bd3 Nxc3 10. bxc3 c5 11. Ne2 c4 12. Bxg6 Rg8 13. Bxf7+ Kxf7 14. Qh5+ Kg7
15. Nf4 Qg5 16. Qxg5+ hxg5 17. Nh5+ Kg6 18. Nf6 Rh8 19. Ke2 Nd7 20. Ng4 Nf8 21.
Raf1 Bd7 22. Ne3 Nh7 23. f4 Raf8 24. f5+ exf5 25. Nxd5 Be6 26. Nc7 Bc8 27. d5
Rf7 28. d6 Nf8 29. Nd5 Bd7 30. Ne7+ Kg7 31. Ke3 Rh4 32. Kd2 Ng6 33. Nxg6 Kxg6
34. Re1 Be6 35. g3 Rg4 36. Rhg1 f4 37. gxf4 Rxg1 38. Rxg1 Rxf4 39. Kc1 Rf2 0-1

[Event "Open SSM Settembre"]
[Site "Milano ITA"]
[Date "2015.09.12"]
[Round "3"]
[White "Vezzosi, Paolo"]
[Black "Miracola, Giorgia"]
[WhiteElo "2353"]
[BlackElo "1867"]
[Result "1-0"]
[PlyCount "39"]
[EventDate "2015.10.15"]

1. d4 Nf6 2. g3 g6 3. Bg2 d5 4. c4 Bg7 5. cxd5 Nxd5 6. e4 Nb6 7. Ne2 Nc6 8. d5
Na5 9. Nbc3 O-O 10. O-O c6 11. Nf4 Nac4 12. Qe2 Qc7 13. Rd1 Rd8 14. Rb1 a5 15.
b3 Ne5 16. h3 a4 17. Be3 axb3 18. axb3 Bd7 19. Rdc1 Ra6 20. dxc6 1-0

[Event "Open SSM Settembre"]
[Site "Milano ITA"]
[Date "2015.09.13"]
[Round "4"]
[White "Aloe, Giancarlo"]
[Black "Ceraulo, Carlo Alberto"]
[WhiteElo "1794"]
[BlackElo "1456"]
[Result "0-1"]
[PlyCount "108"]
[EventDate "2015.10.15"]

1. d4 d5 2. Nf3 Nf6 3. g3 Bf5 4. Bg2 e6 5. O-O Bd6 6. c4 c6 7. Nc3 Nbd7 8. c5
Be7 9. b4 O-O 10. b5 Ne4 11. Nxe4 Bxe4 12. a4 cxb5 13. axb5 a5 14. b6 Nxc5 15.
dxc5 Bxc5 16. Ba3 Qxb6 17. Ne5 Bxa3 18. Bxe4 Qd6 19. Nc4 dxc4 20. Bxb7 Rab8 21.
Bf3 Qxd1 22. Rfxd1 Bb4 23. Be4 Rfd8 24. Rdc1 c3 25. Bd3 Rd6 26. Kf1 e5 27. f3
g6 28. h3 f5 29. Rab1 Re8 30. g4 e4 31. fxe4 fxe4 32. Bc4+ Kg7 33. Kg2 Rf8 34.
Bb3 e3 35. Bc4 Rf2+ 36. Kg1 Kh6 37. Rf1 Rxf1+ 38. Kxf1 Kg5 39. Bd3 Kh4 40. Kg2
Rf6 41. Bc4 Rf2+ 42. Kh1 Kxh3 43. Bd3 Kxg4 44. Rg1+ Kf4 45. Rc1 g5 46. Rc2 g4
47. Bxh7 g3 48. Bg8 g2+ 49. Kg1 Kg3 50. Rc1 Rf1+ 51. Rxf1 gxf1=Q+ 52. Kxf1 c2
53. Bb3 c1=R+ 54. Bd1 Rxd1# 0-1

[Event "Open SSM Settembre"]
[Site "Milano ITA"]
[Date "2015.09.13"]
[Round "4"]
[White "Altissimo, Dino"]
[Black "Calabrese, Maurizio"]
[WhiteElo "1440"]
[BlackElo "1462"]
[Result "1-0"]
[PlyCount "109"]
[EventDate "2015.10.15"]

1. e4 e5 2. Nf3 Nc6 3. Bb5 Nf6 4. c3 d6 5. d3 Be7 6. Nbd2 O-O 7. O-O Bg4 8.
Bxc6 bxc6 9. Re1 Ne8 10. h3 Bd7 11. Nh2 f5 12. Ndf3 f4 13. d4 Bf6 14. dxe5 dxe5
15. Qb3+ Kh8 16. c4 Nd6 17. c5 Nf7 18. Qc4 Qe7 19. b4 Rfd8 20. Bb2 a5 21. a3
Be6 22. Qc3 axb4 23. axb4 h5 24. Ra5 g5 25. Rea1 Rxa5 26. bxa5 Qd7 27. a6 g4
28. hxg4 hxg4 29. a7 Ra8 30. Ne1 Ng5 31. Qb4 Qc8 32. Nd3 Nf7 33. Nxf4 exf4 34.
Bxf6+ Kh7 35. e5 Bf5 36. Qxf4 Kg6 37. f3 Qe6 38. fxg4 Bd3 39. Nf3 Qc4 40. Nh4+
Kh7 41. Qxc4 Bxc4 42. Nf5 Bd3 43. e6 Nh6 44. Nxh6 Kxh6 45. e7 Bg6 46. Be5 Kg5
47. Bxc7 Kxg4 48. Bb8 Kf5 49. Re1 Be8 50. Kh2 Kf6 51. Kg3 Kf7 52. Kf4 Bd7 53.
Kg5 Ke8 54. Kf6 Bc8 55. Rd1 1-0

[Event "Open SSM Settembre"]
[Site "Milano ITA"]
[Date "2015.09.10"]
[Round "4"]
[White "Arena, Ignazio"]
[Black "Poletto, Daniele"]
[WhiteElo "1490"]
[BlackElo "1722"]
[Result "1/2-1/2"]
[PlyCount "55"]
[EventDate "2015.10.15"]

1. d4 Nf6 2. c4 g6 3. Nc3 Bg7 4. e4 d6 5. Nf3 O-O 6. Be2 e5 7. d5 a5 8. O-O h6
9. h3 Na6 10. Be3 Qe8 11. Nd2 Bd7 12. f4 exf4 13. Bxf4 Nc5 14. Qc2 a4 15. Kh1
Kh7 16. Rae1 a3 17. b4 Na4 18. Nxa4 Bxa4 19. Qb1 Nd7 20. Nf3 Ne5 21. Nxe5 Bxe5
22. Bxe5 Qxe5 23. Rf2 Bd7 24. Ref1 Kg7 25. Bf3 Ra4 26. Bd1 Raa8 27. Bb3 Rae8
28. Re1 1/2-1/2

[Event "Open SSM Settembre"]
[Site "Milano ITA"]
[Date "2015.09.13"]
[Round "4"]
[White "Colica, Daniele"]
[Black "Pirovano, Ezio"]
[WhiteElo "1660"]
[BlackElo "1463"]
[Result "0-1"]
[PlyCount "84"]
[EventDate "2015.10.15"]

1. e4 c6 2. Nc3 d5 3. Nf3 Bg4 4. exd5 cxd5 5. h3 Bxf3 6. Qxf3 Nf6 7. Bb5+ Nc6
8. d3 e6 9. Bg5 Be7 10. O-O O-O 11. Bxc6 bxc6 12. Rfe1 Nd7 13. Bxe7 Qxe7 14. d4
Qb4 15. Qd3 Rab8 16. a3 Qe7 17. b4 Qf6 18. Re3 Qg6 19. Qe2 Qf6 20. Rd1 Rfe8 21.
b5 Rec8 22. bxc6 Rxc6 23. Nxd5 exd5 24. Rdd3 Re6 25. Rxe6 Qxe6 26. Re3 Qd6 27.
Re8+ Rxe8 28. Qxe8+ Nf8 29. Qa4 Qd7 30. Qa5 h6 31. Kh2 Ne6 32. c3 Qc7+ 33. Qxc7
Nxc7 34. a4 Kf8 35. Kg3 Ke7 36. Kf4 Kf6 37. g3 a5 38. f3 Na8 39. c4 dxc4 40.
Ke4 Ke6 41. d5+ Kd6 42. Kd4 Nb6 0-1

[Event "Open SSM Settembre"]
[Site "Milano ITA"]
[Date "2015.09.13"]
[Round "4"]
[White "Crippa, Oscar"]
[Black "Cagnotto, Marco"]
[WhiteElo "1686"]
[BlackElo "1680"]
[Result "1-0"]
[PlyCount "67"]
[EventDate "2015.10.15"]

1. e4 c5 2. Nf3 Nc6 3. g3 g6 4. Bg2 Bg7 5. O-O Nf6 6. Re1 d6 7. h3 O-O 8. d3 b5
9. e5 Nd7 10. e6 fxe6 11. Ng5 Ndb8 12. Nxe6 Bxe6 13. Rxe6 Bd4 14. Re2 Qd7 15.
c3 Bg7 16. Bg5 e6 17. Qb3 Bd4 18. Nd2 a6 19. Rf1 d5 20. cxd4 Nxd4 21. Qd1 Nxe2+
22. Qxe2 Nc6 23. Nf3 Rf5 24. h4 Re8 25. Bh3 Rff8 26. Re1 Kg7 27. Ne5 Qd6 28.
Nxc6 Qxc6 29. Qe5+ Kf7 30. Qf6+ Kg8 31. Bxe6+ Rxe6 32. Qxe6+ Qxe6 33. Rxe6 Rf3
34. Rf6 1-0

[Event "Open SSM Settembre"]
[Site "Milano ITA"]
[Date "2015.09.13"]
[Round "4"]
[White "Maccari, Piergiuseppe"]
[Black "Vezzosi, Paolo"]
[WhiteElo "1831"]
[BlackElo "2353"]
[Result "0-1"]
[PlyCount "42"]
[EventDate "2015.10.15"]

1. Nf3 c5 2. g3 b6 3. Bg2 Bb7 4. O-O g6 5. c4 Bg7 6. Nc3 d6 7. e3 Nf6 8. d4
cxd4 9. exd4 O-O 10. Re1 a6 11. Bf4 Re8 12. Qd3 Nbd7 13. Rad1 Rc8 14. d5 Qc7
15. Nd4 Qxc4 16. Nc6 Qxd3 17. Rxd3 e5 18. dxe6 Bxc6 19. Rxd6 Bxg2 20. Kxg2 Rxe6
21. Rexe6 fxe6 0-1

[Event "Open SSM Settembre"]
[Site "Milano ITA"]
[Date "2015.09.13"]
[Round "4"]
[White "Mazzariol, Oscar"]
[Black "Marchini, Daniele"]
[WhiteElo "2015"]
[BlackElo "1885"]
[Result "1-0"]
[PlyCount "59"]
[EventDate "2015.10.15"]

1. e4 e6 2. d4 d5 3. Nd2 c5 4. Ngf3 Nf6 5. e5 Nfd7 6. c3 Nc6 7. Bb5 Qb6 8. Qa4
a6 9. Be2 Qc7 10. O-O Rb8 11. Qd1 b5 12. a3 b4 13. axb4 cxd4 14. Nxd4 Ndxe5 15.
f4 Nxd4 16. fxe5 Nc6 17. Nf3 Be7 18. Be3 Ra8 19. b5 Nb8 20. Bd3 Bc5 21. Qe2 a5
22. Bd4 O-O 23. Bxh7+ Kxh7 24. Ng5+ Kg6 25. Qg4 Bxd4+ 26. cxd4 f5 27. exf6 e5
28. Ne6+ Kh6 29. Qg5+ Kh7 30. Nxc7 1-0

[Event "Open SSM Settembre"]
[Site "Milano ITA"]
[Date "2015.09.13"]
[Round "4"]
[White "Mina, N. Mina"]
[Black "Laico, Emanuele"]
[WhiteElo "2166"]
[BlackElo "1778"]
[Result "1-0"]
[PlyCount "141"]
[EventDate "2015.10.15"]

1. c4 Nf6 2. Nc3 c5 3. g3 Nc6 4. Bg2 e6 5. Nf3 Be7 6. O-O O-O 7. d4 cxd4 8.
Nxd4 a6 9. b3 Qc7 10. Bb2 b6 11. Rc1 Bb7 12. Nd5 exd5 13. cxd5 Bc5 14. dxc6
dxc6 15. b4 Bxb4 16. Nxc6 Bc5 17. Be5 Qd7 18. Bxf6 Qxd1 19. Rfxd1 gxf6 20. Rxc5
bxc5 21. Ne7+ Kh8 22. Bxb7 Ra7 23. Rd7 Rb8 24. Nc6 Rbxb7 25. Rd8+ Kg7 26. Nxa7
Rxa7 27. Rc8 Re7 28. Kf1 Re5 29. Ra8 Re6 30. Rc8 Re5 31. Rc6 a5 32. Ra6 c4 33.
Rc6 Re4 34. e3 c3 35. Rxc3 Ra4 36. a3 Kg6 37. f3 Kf5 38. Ke2 Ke5 39. Kd3 Kd5
40. g4 f5 41. gxf5 Ke5 42. e4 Kf4 43. Ke2 f6 44. Rc6 Rxa3 45. Rxf6 Re3+ 46. Kd2
Rxf3 47. Re6 Kg5 48. h4+ Kxh4 49. Rh6+ Kg5 50. Rxh7 a4 51. Kc2 a3 52. Kb1 Kf6
53. Ka2 Re3 54. Rh6+ Kf7 55. Re6 Rf3 56. Rb6 Re3 57. Rb4 Kf6 58. Rc4 Kf7 59.
Rc7+ Kf6 60. Rc6+ Kf7 61. Re6 Rf3 62. Kb1 Rf1+ 63. Ka2 Rf3 64. Re5 Kf6 65. Rb5
Re3 66. Rb4 Kf7 67. Ra4 Kf6 68. Rd4 Kf7 69. Rc4 Kf6 70. Ra4 Rf3 71. Rxa3 1-0

[Event "Open SSM Settembre"]
[Site "Milano ITA"]
[Date "2015.09.13"]
[Round "4"]
[White "Miracola, Giorgia"]
[Black "Pelizzola, Danilo"]
[WhiteElo "1867"]
[BlackElo "2041"]
[Result "1/2-1/2"]
[PlyCount "142"]
[EventDate "2015.10.15"]

1. e4 e5 2. Nf3 Nc6 3. Bc4 Be7 4. O-O Nf6 5. d3 O-O 6. Re1 d6 7. c3 a6 8. Bb3
Na5 9. Bc2 c5 10. Nbd2 Re8 11. Nf1 Bf8 12. h3 Nc6 13. Ng3 g6 14. d4 b5 15. Be3
Bb7 16. d5 Ne7 17. Bg5 Bg7 18. Qd2 Nd7 19. Nh2 f6 20. Be3 Nb6 21. b3 Rf8 22. f4
exf4 23. Bxf4 Qc7 24. Nf3 Nd7 25. c4 Ne5 26. Bxe5 fxe5 27. Qd3 Bh6 28. Ne2 b4
29. Nh2 Kg7 30. Ng4 Ng8 31. Rf1 Qe7 32. Nxh6 Nxh6 33. Qg3 Rxf1+ 34. Rxf1 Rf8
35. Rf3 Bc8 36. Kf2 Rxf3+ 37. gxf3 Qf6 38. Ke3 Nf7 39. h4 Bd7 40. Bd3 a5 41.
Bc2 Kf8 42. Ng1 h6 43. Kd3 g5 44. hxg5 hxg5 45. Ne2 Qh6 46. Bd1 Nh8 47. Kc2 Ng6
48. Kd3 Kf7 49. Kc2 Kf6 50. Kd3 Qh1 51. Kd2 Bc8 52. Kc2 Bh3 53. Kd2 Bd7 54. Ng1
Nf4 55. Ne2 Qg2 56. Qxg2 Nxg2 57. Ng1 Nf4 58. Ke3 Kg6 59. Ne2 Nxe2 60. Bxe2 a4
61. Bd1 a3 62. Kf2 g4 63. fxg4 Kg5 64. Kg3 Bc8 65. Bf3 Bb7 66. Bg2 Ba6 67. Bf1
Bc8 68. Be2 Bd7 69. Bf3 Ba4 70. Bd1 Be8 71. Bf3 Ba4 1/2-1/2

[Event "Open SSM Settembre"]
[Site "Milano ITA"]
[Date "2015.09.13"]
[Round "4"]
[White "Nikonov, Maxim"]
[Black "Fantina, Carla"]
[WhiteElo "1607"]
[BlackElo "1328"]
[Result "1/2-1/2"]
[PlyCount "254"]
[EventDate "2015.10.15"]

1. e4 d6 2. d4 Nf6 3. Nc3 g6 4. Nf3 Bg7 5. Be2 O-O 6. O-O c5 7. Be3 b6 8. d5 a6
9. a4 Nbd7 10. Qd2 Ng4 11. Bf4 Nge5 12. Bh6 Qc7 13. Bxg7 Kxg7 14. Nxe5 Nxe5 15.
f4 Ng4 16. f5 Ne5 17. Nd1 c4 18. Rf4 Qc5+ 19. Kh1 g5 20. Rf1 h6 21. Ne3 f6 22.
h4 Bd7 23. g3 Rac8 24. c3 b5 25. axb5 Bxb5 26. hxg5 fxg5 27. f6+ exf6 28. Nf5+
Kh7 29. Bd1 Bd7 30. Ne3 Kg6 31. Kg2 a5 32. Rh1 h5 33. Bxh5+ Kg7 34. Rh2 Rb8 35.
Rah1 Nd3 36. Be2 Rh8 37. Rxh8 Rxh8 38. Rxh8 Kxh8 39. Bxd3 cxd3 40. Qxd3 Bb5 41.
c4 Bd7 42. Qc3 Kg7 43. Kf3 a4 44. Ng4 Bxg4+ 45. Kxg4 Qc8+ 46. Kf3 Qh3 47. Qa3
Qh1+ 48. Ke3 Qg1+ 49. Kd2 Qf2+ 50. Kd1 Qg1+ 51. Kc2 Qg2+ 52. Kc1 Qg1+ 53. Kc2
Qg2+ 54. Kb1 Qxe4+ 55. Ka1 Qxc4 56. Qxd6 Qc1+ 57. Ka2 Qc4+ 58. Kb1 Qd3+ 59. Kc1
Qe3+ 60. Kc2 Qb3+ 61. Kc1 Qe3+ 62. Kd1 Qb3+ 63. Ke1 Qxb2 64. Qe7+ Kg6 65. Qe4+
Kg7 66. Qxa4 Qe5+ 67. Kf2 Qxd5 68. Qa7+ Kg6 69. Qe7 Qf5+ 70. Kg2 Qc2+ 71. Kh3
Qf5+ 72. Kg2 g4 73. Qe8+ Kg7 74. Qe7+ Kh6 75. Qf8+ Kg5 76. Qg8+ Qg6 77. Qd5+ f5
78. Qd8+ Kh6 79. Qh8+ Qh7 80. Qf6+ Qg6 81. Qh8+ Kg5 82. Qd8+ Kh6 83. Qh8+ Qh7
84. Qf8+ Qg7 85. Qxf5 Qb2+ 86. Qf2 Qb7+ 87. Kh2 Qd5 88. Qf8+ Kg6 89. Qe8+ Kg5
90. Qe7+ Kg6 91. Qe8+ Kg5 92. Qe2 Qf5 93. Qe7+ Kg6 94. Qe8+ Kg5 95. Qg8+ Kh5
96. Qe8+ Kg5 97. Qd8+ Kg6 98. Qd2 Qh5+ 99. Kg1 Qc5+ 100. Qf2 Qc1+ 101. Kg2 Qc6+
102. Kh2 Qd5 103. Qc2+ Kg5 104. Qf2 Qf5 105. Kg2 Qd5+ 106. Kh2 Qf5 107. Qd2+
Kg6 108. Qd6+ Kh5 109. Qd2 Kg6 110. Qf4 Qh5+ 111. Kg1 Qc5+ 112. Qf2 Qc1+ 113.
Kg2 Qc6+ 114. Kh2 Qe4 115. Qb6+ Kg5 116. Qd8+ Kg6 117. Qg8+ Kh6 118. Qa2 Kg5
119. Qd2+ Kg6 120. Qf2 Qf5 121. Kg2 Qd5+ 122. Kg1 Qd1+ 123. Kh2 Qf3 124. Qxf3
gxf3 125. g4 Kg5 126. Kg3 f2 127. Kxf2 Kxg4 1/2-1/2

[Event "Open SSM Settembre"]
[Site "Milano ITA"]
[Date "2015.09.13"]
[Round "4"]
[White "Ruggeri, Igor"]
[Black "Figini, Vittorio"]
[WhiteElo "1556"]
[BlackElo "1473"]
[Result "1-0"]
[PlyCount "47"]
[EventDate "2015.10.15"]

1. d4 Nf6 2. c4 e6 3. Nf3 d5 4. g3 b6 5. Bg2 Bb7 6. O-O Be7 7. Nc3 O-O 8. b3
Nbd7 9. Bb2 dxc4 10. bxc4 c5 11. d5 exd5 12. cxd5 Re8 13. e4 Bf8 14. Re1 c4 15.
e5 Ng4 16. e6 fxe6 17. Qd4 Nxf2 18. dxe6 Bc5 19. Qxc4 Kh8 20. exd7 Rxe1+ 21.
Rxe1 Qxd7 22. Kf1 a5 23. Ne5 Ba6 24. Qxa6 1-0

[Event "Open SSM Settembre"]
[Site "Milano ITA"]
[Date "2015.09.13"]
[Round "4"]
[White "Tomarchio, Cono"]
[Black "Vece, Luigi"]
[WhiteElo "1372"]
[BlackElo "1554"]
[Result "0-1"]
[PlyCount "68"]
[EventDate "2015.10.15"]

1. e4 c5 2. Nc3 Nc6 3. Nf3 d6 4. Bc4 e5 5. d3 Be7 6. Nd5 Nf6 7. Nxe7 Qxe7 8.
Bg5 h6 9. Bh4 g5 10. Nxg5 hxg5 11. Bxg5 Bg4 12. Bxf6 Bxd1 13. Bxe7 Bxc2 14. Bf6
Rg8 15. O-O Nd4 16. b3 b5 17. Bd5 Rc8 18. Bb7 Rc7 19. Bd5 Bxd3 20. Rfd1 Be2 21.
Rdc1 Bf3 22. Kf1 Rxg2 23. h4 Rh2 24. Ke1 Ne2 25. Rcb1 Nf4 26. Kd2 Nxd5 27. exd5
Bxd5 28. Ke3 Kd7 29. Rg1 Ke6 30. Bg5 f6 31. Bh6 Rxh4 32. Bg7 Rh7 33. Bf8 Rc8
34. Bg7 Kf7 0-1

[Event "Open SSM Settembre"]
[Site "Milano ITA"]
[Date "2015.09.13"]
[Round "4"]
[White "Zaccheroni, Dario"]
[Black "Rindone, Andrea"]
[WhiteElo "1776"]
[BlackElo "1569"]
[Result "1-0"]
[PlyCount "93"]
[EventDate "2015.10.15"]

1. d4 d5 2. c4 e6 3. Nc3 Nf6 4. Bg5 Nbd7 5. Nf3 Be7 6. e3 c6 7. a3 h6 8. Bh4
O-O 9. Qc2 Re8 10. Bd3 dxc4 11. Bxc4 Nb6 12. Ba2 Nbd5 13. O-O g5 14. Bg3 Nh5
15. Ne4 f5 16. Nc3 Nxg3 17. hxg3 Bd6 18. g4 Nf6 19. gxf5 Qc7 20. fxe6 Bxe6 21.
Qg6+ Qg7 22. Bxe6+ Rxe6 23. Qxg7+ Kxg7 24. Rac1 Kg6 25. Rfd1 g4 26. Nh4+ Kg5
27. g3 Rf8 28. d5 cxd5 29. Nxd5 Ne4 30. Nf4 Bxf4 31. exf4+ Kf6 32. Rd7 Rb6 33.
b4 Rh8 34. Rcc7 Nd6 35. Ng2 Kg6 36. Ne3 h5 37. Nc4 Nxc4 38. Rxc4 Re8 39. Rc5
Rf6 40. Rxb7 Re1+ 41. Kg2 Ra6 42. Rg5+ Kh6 43. Rb8 Kh7 44. Rxh5+ Rh6 45. Rb7+
Kg6 46. Rxh6+ Kxh6 47. Rxa7 1-0

[Event "Open SSM Settembre"]
[Site "Milano ITA"]
[Date "2015.09.13"]
[Round "5"]
[White "Altissimo, Dino"]
[Black "Colica, Daniele"]
[WhiteElo "1440"]
[BlackElo "1660"]
[Result "1-0"]
[PlyCount "103"]
[EventDate "2015.10.15"]

1. e4 Nf6 2. Nc3 d5 3. exd5 Nxd5 4. Nxd5 Qxd5 5. Qf3 Qa5 6. Ne2 Nc6 7. Nc3 Nb4
8. Bd3 Nxd3+ 9. Qxd3 Bd7 10. O-O O-O-O 11. Re1 Bf5 12. Qf3 e6 13. d3 Bb4 14.
Bd2 Rd7 15. Qg3 f6 16. a3 Bd6 17. Qf3 Qa6 18. b4 c6 19. Ne4 Bxe4 20. Rxe4 Be5
21. Ra2 Rhd8 22. Bf4 Bxf4 23. Qxf4 e5 24. Qf5 Qb5 25. h3 Qd5 26. Ra1 Qf7 27. a4
g6 28. Qf3 Rd5 29. b5 c5 30. Rc4 b6 31. a5 R8d7 32. axb6 axb6 33. Ra8+ Kc7 34.
Rca4 Kd6 35. c4 Rd4 36. Qc6+ Ke7 37. R8a7 Rxd3 38. Qxb6 f5 39. Qxc5+ Kf6 40. b6
e4 41. R4a6 Kg5 42. Rxd7 Rxd7 43. Ra7 Kh6 44. Qe3+ g5 45. c5 Qe7 46. c6 Rd1+
47. Kh2 Qd6+ 48. g3 Qxc6 49. b7 Rd3 50. Qxd3 exd3 51. b8=Q Qf3 52. Qb6+ 1-0

[Event "Open SSM Settembre"]
[Site "Milano ITA"]
[Date "2015.09.13"]
[Round "5"]
[White "Cagnotto, Marco"]
[Black "Ruggeri, Igor"]
[WhiteElo "1680"]
[BlackElo "1556"]
[Result "1-0"]
[PlyCount "97"]
[EventDate "2015.10.15"]

1. e4 c5 2. Nc3 d6 3. g3 Nf6 4. Bg2 g6 5. Nge2 Bg7 6. d3 O-O 7. O-O Nc6 8. Bg5
h6 9. Be3 Ng4 10. Bd2 a6 11. h3 Nf6 12. Qc1 Kh7 13. a4 Bd7 14. f4 Rb8 15. g4 b5
16. axb5 axb5 17. Ng3 Nd4 18. Nce2 Nxe2+ 19. Nxe2 b4 20. f5 b3 21. c3 Qb6 22.
Ng3 c4+ 23. d4 e5 24. Be3 Qc7 25. d5 Qc8 26. g5 Ng8 27. f6 Bh8 28. h4 Bh3 29.
Qd1 Bg4 30. Bf3 Bxf3 31. Qxf3 Qh3 32. Rf2 Ra8 33. Rb1 Ra2 34. Rh2 Qd7 35. Kg2
Rfa8 36. Rhh1 R8a4 37. Qd1 Qc8 38. Qf3 Qd7 39. Rhc1 Qd8 40. Qd1 Qa8 41. Qf1 Qd8
42. Qf3 Qd7 43. Rh1 Qd8 44. h5 Nxf6 45. hxg6+ fxg6 46. Rxh6+ Kg7 47. Qxf6+ Qxf6
48. gxf6+ Kxf6 49. Rxh8 1-0